中国高铁小测验2 Quiz of China Railway Highspeed 2 - Statistics

General Stats
  • This quiz has been taken 45 times
  • The average score is 7 of 10
Answer Stats
题干 Answer % Correct
南京南站有几个站台? 15
93%
几条股道? 28
88%
海南环岛高铁中有几个客运站名字里带“海”字? 4
75%
吉林省的高铁线路归哪个铁路局管辖? 沈阳局
73%
CR400BF-5033在担当G89时,如果一切正常,应经过几条高铁线路? 3
70%
京广高铁下行正线的起点是哪一站? 北京丰台站
63%
连接南京南站和安庆站的高铁线路是什么? 宁安高铁
63%
宁蓉铁路在滁州境内设置的唯一车站是哪一站? 全椒站
60%
成贵客运专线下行正线的终点是哪一站? 贵阳东站
50%
从天津西站出发接入京沪高铁正线的联络线是什么? 津沪联络线
20%
No matching quizzes found
Score Distribution
Percent of People with Each Score
Percentile by Number Answered
Your Score History
You have not taken this quiz